000 00449nam a22001817a 4500
003 MPLRDC
005 20220104114038.0
008 210129b ||||| |||| 00| 0 eng d
020 _a7-5306-0276-4
082 _a857.63 QY-5
100 _a琼瑶
245 _a十个故事: 琼瑶自选集
_c
250 _a一版二刷
260 _a
_b百花文艺出版社
_c1990
300 _b
650 _a短篇小说--别集
942 _cBK
_o857.63 QY-5
999 _c4378
_d4368